| 000 | 01000nam a2200229 a 4500 | ||
|---|---|---|---|
| 999 |
_c6174 _d6174 |
||
| 001 | 6174 | ||
| 003 | BD-JhCC | ||
| 005 | 20221213134024.0 | ||
| 008 | 180115s1993 iy |||| || | 000 0 b d | ||
| 035 | _a(BD-JhCC)6174 | ||
| 040 |
_aBD-JhCC _dBD-JhCC |
||
| 041 | _aeng | ||
| 082 |
_a297.1225 _bPOB 1993 |
||
| 245 |
_aপবিত্র কোরআনুল করীম : _bবাংলা অনুবাদ ও সংক্ষিপ্ত তফসীর / _cহযরত মাওলানা মুফতী মুহাম্মদ শাফী' (রহঃ); মাওলানা মহিউদ্দিন খান(অনুবাদক) |
||
| 260 |
_aমদিনা মোনাওয়ারা : _c1993 |
||
| 300 |
_a1487 P. : _c24 cm. |
||
| 650 | _aAl-Quran | ||
| 700 | _aশাফী', হযরত মাওলানা মুফতী মুহাম্মদ | ||
| 700 | _aখান, মাওলানা মহিউদ্দিন | ||
| 942 |
_2ddc _cBK _06 |
||